| 000 | 01046nam a2200241Ia 4500 | ||
|---|---|---|---|
| 008 | 130821s2012 ck gr eng | ||
| 020 | _a9789587107807 | ||
| 040 |
_aCo-BoUCM _bspa |
||
| 041 | 0 | 0 | _aeng |
| 100 | 1 |
_aOrjuela Albarracín, Laura _9160877 |
|
| 245 | 1 | 0 |
_aFraude al contrato de trabajo análisis a las cooperativas de trabajo asociado, empresas de servicios temporales, outsourcing y otras tipologías de contratación civil o comercial _cLaura Orjuela Albarracín, Diana Estefany Segura Castañeda y Sandra LucíaTovar Reyes |
| 260 |
_aBogotá (Colombia) _bUniversidad Externado de Colombia _c2012 |
||
| 300 | _a250 páginas | ||
| 490 |
_aTésis de grado _v62 |
||
| 504 | _aIncluye bibliografía. | ||
| 650 | 0 | 4 |
_aContratos de trabajo _911842 |
| 650 | 0 | 4 |
_aDerecho laboral _912787 |
| 650 | 0 | 4 |
_aResponsabilidad contractual _923672 |
| 700 | 1 |
_aSegura Castañeda, Diana Estefany _9160878 |
|
| 700 | 1 |
_aTovar Reyes, Sandra Lucía _9160879 |
|
| 942 |
_cLIBRO _a8 _e1 _mO699f _2DEWEY _h344.01 |
||
| 999 |
_c40990 _d40990 |
||